000 00678nam a2200241 4500
003 OSt
005 20260601170957.0
008 260421b1998\\\\sp\a||||\||||\00|\0\spa\d
020 _a8449306116
040 _aICI
_bspa
_cICI
050 _aBF241
_bC67
100 1 _aCosta, Joan,
245 1 _aLa esquemática :
_bvisualizar la informacion /
_cJoan Costa
264 _bPaidós,
_c1998
_aBarcelona :
300 _a222 páginas
_bilustraciones
_c24 cm.
336 _atexto
_2rdacontent
337 _asin medio
_2rdamedia
338 _avolumen
_2rdacarrier
490 0 _aPaidós ibérica ;
_v26
650 _aPercepción visual
650 _aVisualización
_930782
942 _2lcc
_cB
999 _c19893
_d19893